00514nam a22001697a 4500003000400000008004100004082001700045100002000062245012500082260006800207300000900275502001700284650001300301650000800314650001100322650001100333OSt260515b |||||||| |||| 00| 0 eng d a633.82bH26S aHaque, Mizanul. aStudies on the Effect of Dates of Sowing and Levels of Phosphorus on Yield of Til (Sesamum indicum L.)cby Mizanul Haque a.- Sabour, Bhagalpurb: Bihar Agricultural College, RAUc, 1989 a89p. bM. Sc.d1989 aAgronomy aTil aThesis aM. Sc.